| 000 | 00775nam a22002657a 4500 | ||
|---|---|---|---|
| 001 | 24442 | ||
| 003 | UA-OsUOA | ||
| 005 | 20201128210552.0 | ||
| 007 | ta | ||
| 008 | 20040218b un ||||| |||| 00| 0 ukr d | ||
| 020 | _a966-574-281-7 | ||
| 040 |
_aUA-OsUOA _bukr _cUA-OsUOA _dUA-OsUOA |
||
| 041 | _aukr | ||
| 044 | _aUA | ||
| 080 | _a332.14 | ||
| 090 |
_a332.14 _bМ48 |
||
| 100 | _aМельник С. А. | ||
| 245 |
_aУправління регіональною економікою _bнавч.-метод. посіб. для самост. вивч. дисципл. |
||
| 260 |
_aКиїв _bКНЕУ _c2001 |
||
| 300 | _a152 с. | ||
| 650 | 7 | _2UDC | |
| 942 |
_cBK _2udc |
||
| 955 | _a0 | ||
| 999 |
_c310713 _d310713 |
||